| 000 | 00614nam a22001937a 4500 | ||
|---|---|---|---|
| 005 | 20170324161941.0 | ||
| 010 | _aENG-117478 | ||
| 020 |
_a9788121932257 _c760.00 |
||
| 035 | _aEN-101010 | ||
| 037 | _bDABD/PUB | ||
| 082 | _a791.430954 | ||
| 100 | _aTulsian, P.C. | ||
| 245 |
_aTulisian's quick revision for financial management : _bCA-IPC / _cby P.C. Tulsian [and] Bharat Tulsian |
||
| 260 |
_aNew Delhi _bS. Chand & Company _c2014 |
||
| 270 |
_a7361, Ram Nagar _bNew Delhi _e110055 |
||
| 300 |
_aVarious pagings _c24cm(pbk) |
||
| 700 | _aTulsian, Bharat | ||
| 942 |
_2ddc _cEN _h657.48 _mTUL |
||
| 999 |
_c138198 _d138198 |
||